000 00471nam a2200217Ia 4500
001 078290
003 YMCAF
005 20230512161210.0
008 100717s1999 ||||||||||||||||| ||und|d
024 _a78290
035 _a17750
040 _aYMCAF
_beng
_cIN-KoLT
041 _aeng
082 _a004.16
_bUFF
100 _aUffenbeck, John
245 0 _aMicrocomputer and microprocessor
250 _a2nd
260 _bPHI
_c1999
300 _a690
942 _2ddc
_cBK
999 _c7937
_d7937